000 003610000a22001210004500
090 _aAs
_bSeriadas
245 1 0 _aMonocotiledóneas y Pteridófitos de la planada, Colombia
041 0 _aEspañol
700 1 _aMendoza Cifuentes, Humberto
_94236
100 1 _aRamírez Padilla, Bernardo
_94444
942 _cARTICULO
773 1 _tBiota Colombiana
_h2
_q285-295
_d2002
_g3
999 _c15657
_d15657